000 00336nam a22001457a 4500
003 ASAB
005 20180827062636.0
008 150414t xxu||||| |||| 00| 0 eng d
020 _a93-82226-79-6
040 _cASAB
100 _aDr. Millea Cooke
_9968
245 _aBiodiversity and irrigation
300 _a320 p.
942 _2ddc
_cBK
999 _c480111
_d480111